| 000 | 00928nam a22002777a 4500 | ||
|---|---|---|---|
| 003 | BD-DhJNU | ||
| 005 | 20251214053220.0 | ||
| 008 | 251214b |||||||| |||| 00| 0 eng d | ||
| 020 | _a129222729X | ||
| 020 | _a9781292227290 | ||
| 040 |
_aBD-DhJNU _bENG _cBD-DhJNU _dBD-DhJNU |
||
| 082 |
_223 _a658.4012 CON |
||
| 100 | _aWheelen, Thomas L. | ||
| 245 |
_aConcepts in strategic management and business policy : _bglobalization, innovation, and sustainability / _cThomas L. Wheelen ... [et al.]. |
||
| 250 | _a15th ed. | ||
| 260 |
_aHarlow : _bPearson Education, _c2018. |
||
| 300 |
_avarious paging : _bill. ; _c26 cm. |
||
| 504 | _aIncludes bibliographical references and indexes | ||
| 650 | _aStrategic planning | ||
| 650 |
_aStrategic planning _vCase studies |
||
| 650 | _aSustainability | ||
| 700 | _aHunger, J. David | ||
| 700 | _aHoffman, Alan N. | ||
| 700 | _aBamford, Charles E. | ||
| 942 |
_2ddc _cBK _n0 |
||
| 999 |
_c2436 _d2436 |
||